[Event "Portugal Open 2019"]
[Site "Lisbon"]
[Date "2019.02.02"]
[Round "1.1"]
[White "Motylev, Alexander"]
[Black "Bub, Volker"]
[Result "1-0"]
[WhiteElo "2644"]
[BlackElo "2030"]
[Annotator "TA"]
[PlyCount "63"]
[EventDate "2019.01.25"]
[EventType "swiss"]
[EventCountry "POR"]
[SourceTitle "playchess.com"]
[Source "ChessBase"]
[SourceQuality "1"]

{[%evp 19,63,43,53,8,25,9,52,64,58,26,101,54,120,59,53,42,158,168,133,96,112,68,125,81,184,177,185,155,206,217,211,212,323,322,444,444,459,474,476,466,467,454,960,942,925,924]} 1. e4 c5 2. Nf3 ({Predecessor:} 2. b3 Nc6 3. Bb2 a6 4. Nf3 d6 5. d4 cxd4 6. Nxd4 Bd7 7. c4 Nf6 8. Nc3 e6 9. Be2 Be7 10. O-O {0-1 (71) Chen,F (2354)-Wang,R (2497) Suzhou 2006}) 2... a6 $146 (2... e6 3. b3 a6 4. Bb2 Nc6 5. c4 d6 6. d4 cxd4 7. Nxd4 Bd7 8. Nc3 Nf6 9. Be2 Be7 10. O-O {1-0 (33) Shimanov,A (2642)-Iljiushenok,I (2489) Sochi 2017}) 3. c4 Nc6 4. d4 cxd4 5. Nxd4 Nf6 6. Nc3 d6 7. Be2 e6 8. O-O Be7 9. b3 O-O 10. Bb2 Bd7 11. Kh1 {B28: Sicilian: 2 Nf3 a6 (O'Kelly Variation)} Qa5 (11... Nxd4 12. Qxd4 Bc6 13. Rfd1 Qa5 14. f3 Rad8 15. a4 Nh5 16. f4 e5 17. Qd2 Nxf4 18. Nd5 Qxd2 19. Nxe7+ {1-0 (33) Shimanov,A (2642)-Iljiushenok,I (2489) Sochi 2017}) 12. f4 Rfd8 13. Nc2 {White is slightly better.} ({Predecessor:} 13. Bf3 Rac8 14. Nxc6 Bxc6 15. Qe1 Qc7 16. a4 Nd7 17. Rc1 Nc5 18. Qg3 Bf8 {0-1 (71) Chen,F (2354)-Wang,R (2497) Suzhou 2006}) 13... Ne8 14. Qe1 Bf8 (14... Bf6 $11) 15. Qh4 Ne7 {[#]} (15... Rac8 $14) 16. f5 (16. Ne3 $1 $16) 16... exf5 $14 17. Ne3 Ng6 {[#]} ({Black should try} 17... d5 $14 18. cxd5 (18. exd5 Ng6 $14) 18... Ng6) 18. Qf2 $1 $36 {[%mdl 3072] White has strong compensation. White is on the roll.} f4 19. Ned5 {b4 is the strong threat.} Qc5 20. Qe1 Rac8 (20... Be6 $14) 21. a4 {[%cal Ba2a4,Ba4b5][%mdl 32]} a5 (21... Be6 $16 {was worth a try.}) 22. Nb5 Bxb5 23. axb5 {Threatens to win with Qd2.} Nc7 (23... Nf6 $16 {might work better.} 24. Bxf6 (24. Nxf4 Ne5 $16) (24. Qxa5 Nxd5 25. exd5 Qe3 $16) (24. Nxf6+ gxf6 25. Bxf6 Bg7 $16) 24... gxf6 25. Qxa5 (25. Nxf6+ Kh8 $18) (25. Rxa5 Qd4 $18) 25... Qd4) 24. Bg4 $18 ({Don't take} 24. Rxa5 $6 Nxd5 25. exd5 Ra8 $16) 24... Nxd5 25. Bxc8 ({And not} 25. cxd5 Ra8 $11) 25... Nb4 (25... Qxc8 $142 26. exd5 Re8) 26. Bxb7 Qb6 27. Bd5 {White is clearly winning.} Nd3 28. Qd2 Nxb2 29. Qxb2 Be7 30. Qf2 Qb8 (30... Qc5 $142 31. Qxc5 dxc5 32. Rxa5 Kf8) 31. Rxa5 Bf6 32. Ra8 {Accuracy: White = 48%, Black = 18%.} 1-0

[Event "Portugal Open 2019"]
[Site "Lisbon"]
[Date "2019.02.02"]
[Round "1.2"]
[White "Javet, Blaise"]
[Black "Iturrizaga Bonelli, Eduardo"]
[Result "0-1"]
[WhiteElo "2027"]
[BlackElo "2640"]
[Annotator "TA"]
[PlyCount "60"]
[EventDate "2019.01.25"]
[EventType "swiss"]
[EventCountry "POR"]
[SourceTitle "playchess.com"]
[Source "ChessBase"]
[SourceQuality "1"]

{[%evp 11,60,13,31,8,18,-41,-40,-33,-25,-41,-37,-35,-18,-26,-29,-28,-33,-73,-72,-52,-44,-42,-41,-53,-44,-46,-36,-55,0,-104,-87,-90,-86,-97,-95,-70,-75,-69,-77,-130,-135,-149,-133,-200,-187,-192,-194,-229,-224,-293,-220]} 1. e4 c5 2. Nf3 ({Predecessor:} 2. Nc3 a6 3. Nf3 b5 4. d4 cxd4 5. Nxd4 Bb7 6. a3 {½-½ (24) Kaschuba,J (1745)-Hoffmann,S (2053) Leipzig 2006}) 2... e6 3. d4 cxd4 4. Nxd4 a6 5. Nc3 b5 6. a3 Bb7 7. Be2 $146 {B43: Sicilian: Kan Variation: 5 Nc3} (7. g3 Nc6 8. Nxc6 Bxc6 9. Bg2 Bc5 10. O-O Ne7 11. Bf4 Rc8 12. Qh5 Bd4 13. Bd6 Bxc3 14. bxc3 O-O {½-½ (60) Abdusattorov,N (2518)-Kamsky,G (2677) Reykjavik 2018}) 7... d6 8. Bf3 (8. f4 $11) 8... Nd7 $15 {[%cal Bb8d7,Bd7e5,Be5c4][%mdl 32]} 9. O-O {Black is slightly better.} Ngf6 10. Re1 Ne5 11. Be2 ({Predecessor:} 11. Bg5 Be7 12. Bh5 O-O 13. f4 Nc6 14. Nb3 b4 15. axb4 Nxb4 {½-½ (24) Kaschuba,J (1745)-Hoffmann,S (2053) Leipzig 2006}) 11... Rc8 12. f4 Nc4 13. Bf3 Be7 14. Kh1 O-O 15. Qd3 Qc7 16. b3 Nb6 17. Bb2 Rfd8 18. Qe2 g6 19. Qf2 Qc5 (19... e5 $15 20. Nde2 Re8) 20. b4 (20. Rad1 $11) 20... Qc7 $17 21. Ndxb5 axb5 22. Nxb5 Qxc2 23. Qxb6 Bxe4 24. Re2 Qc4 {[#] Hoping for ...Bxf3.} 25. Qd4 (25. Rf2 $142) 25... Bxf3 ({Much less strong is} 25... Qxb5 26. a4 $15) 26. Qxc4 Bxg2+ 27. Kxg2 (27. Rxg2 $17 Rxc4 28. f5) 27... Rxc4 $19 28. Kf3 Nd5 29. Nd4 Bf6 30. Rd1 Rdc8 {Accuracy: White = 58%, Black = 83%.} 0-1

[Event "Portugal Open 2019"]
[Site "Lisbon"]
[Date "2019.02.02"]
[Round "1.3"]
[White "Petrov, Nikita"]
[Black "Silva, Goncalo Nuno Neto P"]
[Result "1-0"]
[WhiteElo "2585"]
[BlackElo "2027"]
[Annotator "TA"]
[PlyCount "71"]
[EventDate "2019.01.25"]
[EventType "swiss"]
[EventCountry "POR"]
[SourceTitle "playchess.com"]
[Source "ChessBase"]
[SourceQuality "1"]

{[%evp 14,71,25,25,46,42,51,47,47,44,70,87,114,45,58,45,50,52,53,51,52,59,70,62,82,90,81,65,88,97,140,0,0,0,20,0,168,160,158,171,167,166,199,127,125,137,126,131,114,151,239,266,260,274,1038,1019,1016,987,29984,29984]} 1. Nf3 $146 ({Predecessor:} 1. d4 Nf6 {1-0 (35) Malaniuk,V (2615)-Dzyuin,A (2320) Pardubice 1997}) 1... Nf6 2. d4 g6 3. Bg5 ({Predecessor:} 3. c3 Bg7 4. Bg5 d6 5. Nbd2 Nbd7 6. e4 e5 7. Bc4 {1-0 (35) Malaniuk,V (2615)-Dzyuin,A (2320) Pardubice 1997}) 3... Bg7 4. Nbd2 O-O 5. c3 d6 6. e4 Nbd7 7. Bc4 e5 8. O-O Qe7 {A48: 1 d4 Nf6 2 Nf3 g6: Torre, London and Colle Systems} 9. Re1 Rb8 ({Predecessor:} 9... Re8 10. a4 h6 11. Bh4 Nf8 12. dxe5 dxe5 13. Nf1 Bg4 14. Ne3 Bxf3 15. Qxf3 c6 16. Bf1 {1-0 (35) Malaniuk,V (2615)-Dzyuin,A (2320) Pardubice 1997}) 10. a4 h6 {White is slightly better.} 11. Bh4 c6 12. Bb3 Rd8 13. a5 (13. Nc4 $16) 13... Nf8 $14 14. Nc4 {[%cal Rd4e5,Bd2c4,Bc4e3,Be3f5][%mdl 32]} g5 15. Bg3 Ng6 16. Qc2 {Strongly threatening Nxd6!} Nh5 17. Ne3 Nxg3 18. fxg3 g4 19. Nf5 Qf6 20. Nd2 (20. Nxg7 Qxg7 21. Nh4 Nxh4 $15) 20... exd4 21. Rf1 (21. Nxg7 Qxg7 22. Rad1 Be6 $15) 21... Nh8 {[%cal Rd4c3]} 22. e5 (22. Nxg7 $16 Qxg7 23. e5 dxe5 24. Ne4) 22... Qxe5 $11 {[%cal Rd4c3]} 23. Nxg7 {Nf5 is the strong threat.} Kxg7 24. Rae1 Qg5 $2 (24... Qc5 $11 {and Black has nothing to worry.} 25. Rf2 dxc3 26. bxc3 d5) 25. Ne4 $18 (25. cxd4 d5 $11) 25... Bf5 26. Qf2 $36 {[%mdl 2048] White is on the roll.} (26. cxd4 Re8 $11) 26... Bxe4 27. Rxe4 (27. Qxd4+ $6 Qe5 $14) 27... c5 28. cxd4 (28. h3 $18 gxh3 29. gxh3) 28... Re8 $16 {[#]} 29. Rf4 $1 Re7 30. h4 gxh3 31. gxh3 h5 {[#]} (31... Kf8 $16 32. Kh1 (32. Bxf7 Nxf7 33. Rxf7+ Kg8 $16) 32... cxd4 33. Qxd4 Qe5) 32. h4 $1 $18 {[%cal Rh4g5]} ({Not} 32. dxc5 Qxc5 33. Rd4 Rbe8 $14) 32... Qh6 33. g4 hxg4 $2 (33... Rbe8 34. dxc5 dxc5 35. gxh5 (35. Bxf7 Nxf7 36. Rxf7+ Kg8 $16) (35. Qxc5 Re4 $16) 35... Rg8 36. Qxc5 Kh7+ 37. Kh2 Re2+ 38. Kh3 Rg7 39. Bc2+ Rxc2 40. Qxc2+ Kg8 41. Qc8+ {[%mdl 64] Double Attack} Kh7 42. Qf5+ Ng6 43. hxg6+ Qxg6 44. Qxg6+ fxg6) 34. Rxg4+ Kf8 35. Qg2 {[%csl Gg2][%cal Rg4g8]} Qh7 36. Bc2 {Accuracy: White = 69%, Black = 38%.} 1-0

[Event "Portugal Open 2019"]
[Site "Lisbon"]
[Date "2019.02.02"]
[Round "1.4"]
[White "Golecki, Jan"]
[Black "Bernadskiy, Vitaliy"]
[Result "0-1"]
[WhiteElo "2018"]
[BlackElo "2570"]
[Annotator "TA"]
[PlyCount "172"]
[EventDate "2019.01.25"]
[EventType "swiss"]
[EventCountry "POR"]
[SourceTitle "playchess.com"]
[Source "ChessBase"]
[SourceQuality "1"]

{[%evp 10,172,20,29,24,-1,0,0,15,-3,0,-28,-14,-58,-49,-72,-62,-66,-55,-89,-74,-96,-89,-91,-97,-90,-102,-100,-102,-97,-92,-134,-134,-136,-150,-150,-123,-118,-122,-123,-116,-124,-124,-124,-118,-122,-125,-128,-112,-122,-123,-121,-113,-122,-127,-120,-84,-123,-104,-113,-65,-72,-72,-65,-65,-72,-41,-72,-72,-72,-64,-72,-72,-90,-66,-73,-45,-66,-71,-88,0,-103,-44,-129,-33,-97,-52,-79,-79,-83,-39,-71,0,-75,-63,-91,-52,-91,-39,-39,-39,-39,-56,-67,-59,-68,-55,-275,-237,-435,-431,-370,-413,-409,-407,-418,-407,-297,-192,-211,-38,-201,0,0,0,0,0,0,0,0,0,0,0,0,0,0,0,0,0,0,8,8,8,8,8,8,8,0,8,-8,-8,-8,0,-8,-8,-29975,-29976,-29981,-29982,-29983,-29984,-29985,-29986,-29986,-29987]} 1. e4 c6 2. d4 d5 3. exd5 cxd5 4. Bd3 Nc6 5. c3 Qc7 6. h3 e6 {B13: Caro-Kann: Exchange Variation and Panov-Botvinnik Attack} (6... Nf6 7. Nf3 g6 8. Qc2 Bg7 9. O-O O-O 10. Re1 Nh5 11. Be3 a6 12. Nbd2 Nf4 13. Bf1 Bf5 14. Qc1 Nd3 15. Bxd3 Bxd3 {1-0 (45) Aronian,L (2765)-Tari,A (2620) St Petersburg 2018}) 7. Ne2 Bd6 8. O-O Nge7 {The position is equal.} 9. f4 $146 ({Predecessor:} 9. Nd2 Bd7 10. a3 Ng6 11. c4 dxc4 12. Nxc4 O-O 13. Nxd6 Qxd6 14. Bxg6 fxg6 {½-½ (26) Efanov,N (2421)-Kharitonov,A (2552) Moscow 2011}) 9... O-O 10. Be3 Bd7 11. Nd2 Nf5 $36 {[%mdl 2048] Black has good play.} 12. Bxf5 exf5 13. Nf3 f6 14. Qd2 Rae8 15. Rfe1 Re4 16. g3 Na5 17. b3 Rfe8 18. Nc1 Rc8 19. Nd3 Qxc3 20. Rac1 Qxd2 21. Rxc8+ Bxc8 22. Bxd2 Rxe1+ 23. Nfxe1 Nc6 24. Nc2 b6 25. Ndb4 Ne7 26. Ne3 Be6 27. Kf2 Kf7 28. Nbc2 Bc7 29. Nd1 Nc8 30. Bb4 a5 31. Ba3 g5 32. Kf3 Bd6 33. Bc1 h6 34. Nc3 Ke8 35. Ne3 Ne7 $1 36. Nb5 Bb8 37. Ba3 Nc6 38. Nc2 Kd7 39. Ne3 Bc7 40. Nc2 Bd8 41. Nc3 Na7 42. Ne3 Kc6 43. Bf8 h5 44. h4 b5 (44... Nb5 $17 45. Ne2 g4+ 46. Kf2 Bc8) 45. a4 (45. b4 $1 $11) 45... g4+ ({Black should try} 45... b4 $17 46. Ncd1 Nc8) 46. Kf2 (46. Ke2 $1 $15) 46... Bb6 (46... b4 $17 47. Bc5 bxc3 48. Bxa7 Be7) 47. Nc2 ({White should play} 47. axb5+ $15 Nxb5 48. Nxb5 Kxb5 49. Nc2) 47... bxa4 48. bxa4 Nc8 49. Nb5 Bd8 50. Bc5 Bb6 51. Bf8 $1 Bd7 52. Ke3 Bd8 53. Bc5 Be7 (53... Bc7 $17 54. Ba3 Bd6) 54. Bxe7 $15 Nxe7 {[%mdl 4096] Endgame KBN-KNN} 55. Kd3 Nc8 56. Ne3 Nb6 57. Nc3 Kd6 58. Kc2 $2 (58. Nb5+ $15 Kc6 59. Nc3) 58... Bxa4+ $19 ({Inferior is} 58... Nxa4 59. Ncxd5 Ke6 60. Nc7+ Kd6 61. Ncd5 $11) 59. Nxa4 $2 (59. Kb1) 59... Nxa4 {KN-KN} 60. Kb3 Nb6 61. Nxf5+ Ke6 $1 {[%cal Re6f5]} 62. Ng7+ {[#]} Kf7 $1 {[%cal Rf7g7]} 63. Nf5 Kg6 64. Ne7+ {[#]} Kh7 $2 (64... Kg7 $1 $19 {aiming for ...Kf7.} 65. f5 Kf7) 65. Nf5 $2 ({Only move:} 65. f5 $1 $15) 65... Nc4 $2 (65... Kg8 $19 66. Nd6 Kf8) 66. Ka4 $11 Kg6 67. Ne7+ {[%mdl 64] Double Attack} Kf7 68. Nf5 Ke6 69. Ng7+ {[%mdl 64] Double Attack} Ke7 (69... Kf7 $5 70. Nf5 $8 Kf8 $11) 70. Nf5+ Kd7 71. Kb5 $1 Kc7 (71... Ke6 $5 72. Ng7+ $8 {[%mdl 64] Double Attack} Kd6 $11) 72. Ka4 Kc6 (72... Kd7 $5) 73. Ne7+ Kb7 74. Nf5 ({Wrong is} 74. Nxd5 $2 Nb6+ 75. Nxb6 Kxb6 $19) 74... Kb6 75. Ng7 $1 {[%cal Rg7h5]} Ne3 76. Nxh5 Kc6 77. Nxf6 Kd6 $1 78. Kxa5 Ke6 79. Nxg4 (79. Nh7 {feels hotter.} Nf5 80. Nf8+ Kf7 81. Nd7 Kg6 82. h5+) 79... Nxg4 {KN-KP} 80. Kb5 Kf5 81. Kc5 Ke4 82. h5 $2 {[%mdl 8192]} (82. f5 $11) 82... Nh6 {Black mates.} 83. f5 Nxf5 {[%mdl 64] Double Attack} 84. g4 Nxd4 85. Kd6 Nf3 86. h6 Ng5 {Accuracy: White = 39%, Black = 58%.} 0-1

[Event "Portugal Open 2019"]
[Site "Lisbon"]
[Date "2019.02.02"]
[Round "1.5"]
[White "Xu, Xiangyu"]
[Black "Fernandes, Ricardo Paulos"]
[Result "1-0"]
[WhiteElo "2565"]
[BlackElo "2015"]
[Annotator "RC"]
[PlyCount "59"]
[EventDate "2019.01.25"]
[EventType "swiss"]
[EventCountry "POR"]
[SourceTitle "playchess.com"]
[Source "ChessBase"]
[SourceQuality "1"]
[TimeControl "5400+30"]

1. d4 {[%emt 0:00:00]} Nf6 {[%emt 0:00:00]} 2. c4 {[%emt 0:00:00]} g6 {[%emt 0:00:00]} 3. Nc3 {[%emt 0:00:00]} Bg7 4. e4 d6 {[%emt 0:00:42]} 5. Be2 {[%emt 0:00:34]} O-O {[%emt 0:00:07]} 6. Bg5 {[%emt 0:00:15]} Nbd7 {[%emt 0:00:22]} 7. Qd2 {[%emt 0:03:38]} c5 8. d5 a6 {[%emt 0:06:19]} 9. Nf3 {[%emt 0:05:51]} Qa5 10. O-O Re8 {[%emt 0:08:50]} 11. Rfe1 {[%emt 0:01:24]} Rb8 {[%emt 0:01:16]} 12. a4 {[%emt 0:00:57]} Qc7 {[%emt 0:01:09]} 13. h3 {[%emt 0:04:41]} Ne5 {[%emt 0:03:27]} 14. Nxe5 {[%emt 0:05:37]} dxe5 {[%emt 0:00:05]} 15. a5 {[%emt 0:00:29]} Qd6 {[%emt 0:02:02]} 16. Bd1 {[%emt 0:06:06]} Nd7 {[%emt 0:07:17]} 17. Bc2 {[%emt 0:26:40]} b5 {[%emt 0:02:16]} 18. axb6 {[%emt 0:01:54]} Nxb6 {[%emt 0:01:11]} 19. b3 {[%emt 0:00:28]} f5 {[%emt 0:02:01]} 20. exf5 {[%emt 0:03:28]} gxf5 {[%emt 0:00:05]} 21. Ra5 {[%emt 0:00:18]} h6 {[%emt 0:02:50]} 22. Be3 {[%emt 0:00:53]} Qf6 {[%emt 0:03:19]} 23. Rxc5 {[%emt 0:11:40]} f4 {[%emt 0:00:47]} 24. Qd3 {[%emt 0:00:06]} fxe3 {[%emt 0:09:34]} 25. Qh7+ {[%emt 0:00:58]} Kf8 {[%emt 0:00:06]} 26. fxe3 {[%emt 0:00:08]} Nd7 {[%emt 0:01:23]} 27. Rc6 {[%emt 0:00:09]} Qh4 {[%emt 0:00:06]} 28. Rg6 {[%emt 0:00:24]} Qxe1+ {[%emt 0:03:55]} 29. Kh2 {[%emt 0:00:03]} Rd8 {[%emt 0:00:15]} 30. Rxg7 {[%emt 0:00:04]} 1-0

[Event "Portugal Open 2019"]
[Site "Lisbon"]
[Date "2019.02.02"]
[Round "1.6"]
[White "Slovak, Pavel"]
[Black "David, Alberto"]
[Result "0-1"]
[WhiteElo "2010"]
[BlackElo "2560"]
[Annotator "TA"]
[PlyCount "48"]
[EventDate "2019.01.25"]
[EventType "swiss"]
[EventCountry "POR"]
[SourceTitle "playchess.com"]
[Source "ChessBase"]
[SourceQuality "1"]

{[%evp 13,48,25,18,-45,-48,-51,-72,-71,-54,-79,-80,-99,-96,-136,-99,-99,-103,-125,-73,-198,-187,-196,-200,-185,-178,-243,-247,-358,-365,-360,-350,-736,-714,-706,-633,-775,-771]} 1. e4 (1. d4 e6 2. Nf3 c5 3. c4 cxd4 4. Nxd4 Nf6 5. Nc3 a6 {½-½ (46) Wojtaszek,R (2729)-Bartel,M (2640) Poland 2016}) 1... c5 2. Nf3 e6 3. d4 cxd4 4. Nxd4 a6 5. c4 Nf6 6. Nc3 Qc7 7. Be3 Bb4 8. Rc1 {B41: Sicilian: Kan Variation: 5 c4} ({White should try} 8. Qb3 $11 Bc5 9. f3) (8. Bd3 Nc6 9. Nxc6 bxc6 10. O-O O-O 11. c5 d5 12. cxd6 Bxd6 13. h3 c5 14. Rc1 Bb7 15. Qe2 Rfc8 16. b3 {½-½ (46) Wojtaszek,R (2729)-Bartel,M (2640) Poland 2016}) 8... Nxe4 $1 $15 9. Qg4 Nxc3 $1 10. bxc3 {Black is better.} Bf8 11. Bd3 d6 12. Qg3 Nd7 13. f4 Nc5 $146 ({Predecessor:} 13... Nf6 14. O-O b6 15. Nf3 Rb8 {0-1 (40) Vasto,D-Rastenis,G (2265) Chicago 1993}) 14. Bb1 g6 15. O-O Be7 ({Black should play} 15... Bg7 16. Nb3 O-O) 16. f5 (16. Nb3 $17 {keeps fighting.}) 16... exf5 $19 17. Rce1 Be6 18. Nxe6 fxe6 19. Bd4 (19. Kh1 {was worth a try.} e5 20. Qf3) 19... e5 20. Rxe5 (20. Bc2 {is a better defense.}) 20... dxe5 21. Bxe5 Qb6 {[#] White must now prevent ...Ne4+.} 22. Qe3 $2 (22. Bxh8 Ne4+ {[%mdl 64] Discovered Attack} 23. Bd4 Nxg3 24. Bxb6 Nxf1 25. Kxf1) 22... O-O {Black is clearly winning.} 23. Bd4 Rae8 24. Qf2 Qc6 0-1

[Event "Portugal Open 2019"]
[Site "Lisbon"]
[Date "2019.02.02"]
[Round "1.7"]
[White "Christiansen, Johan-Sebastian"]
[Black "Gkogkas, Dimitrios"]
[Result "0-1"]
[WhiteElo "2559"]
[BlackElo "2004"]
[Annotator "TA"]
[PlyCount "118"]
[EventDate "2019.01.25"]
[EventType "swiss"]
[EventCountry "POR"]
[SourceTitle "playchess.com"]
[Source "ChessBase"]
[SourceQuality "1"]

{[%evp 11,118,23,26,39,91,82,90,9,7,-19,-8,-21,-16,-22,-9,-47,-20,-20,-12,-20,-20,-29,-14,-20,-4,-8,-18,-13,4,-36,-14,-37,12,-58,-58,-58,-51,-45,-4,-48,-45,-65,-49,-78,-68,-62,-56,-97,-70,-87,0,-134,-139,-120,-107,-128,-119,-158,-172,-259,-257,-261,-253,-261,-262,-313,-255,-297,-272,-366,-310,-404,-400,-414,-443,-420,-420,-786,-224,-234,-232,-236,-233,-243,-254,-447,-439,-460,-381,-577,-558,-512,-478,-1045,-700,-1191,-1143,-967,-723,-2147,-1990,-2068,-2016,-29990,-29991,-29991,-29992,-29993,-29994]} 1. e4 c5 2. Nf3 (2. c3 d5 3. exd5 Qxd5 4. d4 g6 {½-½ (46) Navara,D (2726)-Guseinov,G (2647) Antalya 2017}) 2... g6 3. c3 d5 4. exd5 Qxd5 5. d4 Bg7 6. Na3 {[%cal Bb1a3,Ba3b5,Bb5c3][%mdl 32]} cxd4 7. Nb5 {Hoping for Nc7+. B06: Modern Defence} (7. Bc4 Qe4+ 8. Be3 Nh6 9. Nb5 O-O 10. cxd4 Nf5 11. Qe2 Nc6 12. O-O Nd6 13. Nc3 Qf5 14. Bb3 Qh5 {½-½ (46) Navara,D (2726)-Guseinov,G (2647) Antalya 2017}) 7... Qd8 (7... Na6 $14) 8. Bf4 $16 ({Much weaker is} 8. cxd4 $6 a6 $11) 8... Na6 {[%cal Bb8a6,Ba6b4,Bb4d5][%mdl 32]} 9. cxd4 (9. Bc4 $16) 9... Nf6 $11 10. Nc3 $146 ({Predecessor:} 10. Rc1 O-O 11. Bd3 Nd5 12. Be5 Nab4 13. a3 Nc6 14. Bxg7 Kxg7 {0-1 (68) Gurieli,N (2273)-Frois,A (2352) Porto 2014}) 10... O-O 11. Rc1 Nb4 12. Be2 Nbd5 13. Be5 Bd7 14. O-O Bc6 15. Qd2 Rc8 16. Rfe1 a6 17. h3 b5 18. Bh2 Qb6 19. Ne5 Ba8 20. Bf1 Rfd8 21. Red1 Bb7 22. a3 (22. a4 $11) 22... Nxc3 $15 23. bxc3 Bd5 24. Qb2 Qb7 25. Nd3 Nd7 26. Re1 e6 27. Rb1 Nb6 28. Nc5 Qa8 29. Bg3 Nd7 30. Nd3 Nb6 ({Black should play} 30... Bc4 $17) 31. Rbc1 (31. Nc5 $11 {remains equal.}) 31... Nc4 $36 {[%mdl 2048] White is under strong pressure.} 32. Qe2 Nxa3 33. Bh4 Re8 34. Nc5 Bc4 35. Qb2 (35. Qd1 {keeps fighting.}) 35... Bxf1 $19 36. Rxf1 Nc4 37. Qa2 {[#]} a5 $1 38. Rfd1 Qc6 39. Rb1 a4 40. Nd3 e5 41. Nb4 Qe4 {[%mdl 64] Double Attack} 42. Bg3 exd4 43. cxd4 Bxd4 44. Na6 {[#]} (44. Kh1 $142 Red8 45. f3) 44... Qd5 $2 (44... Ne3 $1 {[%mdl 512]} 45. fxe3 Rc2 46. Qxc2 Qxc2) 45. Nc7 {[#]} Rxc7 $1 46. Bxc7 Qc5 47. Bg3 a3 48. Re1 $2 (48. Kh2) 48... Rxe1+ 49. Rxe1 b4 50. Qc2 (50. Bh4 {was called for.} Nd6 51. Be7) 50... Bc3 51. Re8+ Kg7 52. Qa4 (52. Bf4 $142 h6 53. Ra8) 52... Nb6 53. Qc2 Qd5 54. Re2 Qc4 55. Bd6 b3 56. Qc1 a2 57. Qg5 a1=Q+ {Black mates.} 58. Kh2 Qxe2 59. Qd8 Be5+ {Accuracy: White = 23%, Black = 63%.} 0-1

[Event "Portugal Open 2019"]
[Site "Lisbon"]
[Date "2019.02.02"]
[Round "1.8"]
[White "Sismeiro, Miguel"]
[Black "Kadric, Denis"]
[Result "0-1"]
[WhiteElo "1997"]
[BlackElo "2545"]
[Annotator "TA"]
[PlyCount "86"]
[EventDate "2019.01.25"]
[EventType "swiss"]
[EventCountry "POR"]
[SourceTitle "playchess.com"]
[Source "ChessBase"]
[SourceQuality "1"]

{[%evp 13,86,29,41,-1,18,0,0,0,3,0,0,0,-2,6,18,1,5,-13,-30,-80,-59,-73,-72,-75,-40,-32,0,-97,-99,-133,-140,-406,-408,-422,-412,-413,-392,-478,-459,-513,-443,-495,-515,-521,-521,-873,-879,-884,-660,-718,-643,-627,-481,-508,-491,-875,-866,-1040,-1040,-977,-915,-1255,-1272,-1265,-1162,-1134,-779,-1404,-1403,-1395,-1367,-1500,-1461,-29987,-29988]} 1. e4 ({Predecessor:} 1. d4 g6 {1-0 (49) Nagy,T (2219)-Janko,M (2261) Slovakia 2018}) 1... g6 2. d4 Bg7 3. Nc3 a6 $146 (3... d6 4. Be3 {0-1 (32) Amin,B (2635)-Mamedov,R (2659) Dubai 2014}) ({Predecessor:} 3... d6 4. Be3 {1-0 (49) Nagy,T (2219)-Janko,M (2261) Slovakia 2018}) 4. Be3 d6 5. f3 (5. Qd2 b5 {0-1 (32) Amin,B (2635)-Mamedov,R (2659) Dubai 2014}) ({Predecessor:} 5. Qd2 b5 {1-0 (49) Nagy,T (2219)-Janko,M (2261) Slovakia 2018}) 5... b5 6. Qd2 Nd7 (6... Bb7 7. g4 {0-1 (32) Amin,B (2635)-Mamedov,R (2659) Dubai 2014}) 7. g4 Bb7 8. h4 {B06: Modern Defence} h5 $1 9. g5 (9. gxh5 Rxh5 10. Nge2 Ngf6 11. Ng3 Rh8 12. O-O-O Nb6 13. h5 gxh5 14. Nf5 Bf8 15. Bg5 e6 {0-1 (32) Amin,B (2635)-Mamedov,R (2659) Dubai 2014}) 9... e6 10. O-O-O {The position is equal.} Ne7 11. a3 ({Predecessor:} 11. Nge2 c6 12. Ng3 Qa5 13. Kb1 Nb6 14. a3 Nc4 15. Bxc4 bxc4 {1-0 (49) Nagy,T (2219)-Janko,M (2261) Slovakia 2018}) 11... Rc8 12. Nge2 O-O 13. Kb1 Nb6 14. Ng3 d5 15. Rh2 Qd7 16. f4 dxe4 17. Ngxe4 Bxe4 18. Nxe4 Nbd5 19. Nc5 Qd6 20. Bh3 (20. Ne4 $11 Qb6 21. c3) 20... Rb8 $17 21. c3 {[#]} a5 $1 {[%cal Ba6a5,Ba5b4,Bb4b3][%mdl 32]} 22. Rf2 $2 {[%mdl 8192] [#]} (22. Nb3 $17) 22... b4 $1 $19 23. axb4 axb4 24. c4 {[#]} Nc3+ $1 {[%mdl 576] Double Attack} 25. Kc2 (25. bxc3 bxc3+) 25... Nxd1 26. Qxd1 Rfd8 {aiming for ...b3+!} 27. Rd2 {[#]} b3+ $1 28. Kb1 (28. Nxb3 Qb4) 28... Rb4 29. Qc1 Qb6 30. Qc3 Rb8 31. Rd3 Qa7 32. Kc1 Qa1+ 33. Kd2 Nc6 34. Nd7 (34. Ke2 $142 Qh1 35. Bf2) 34... Ra8 {Threatens to win with ...Ra2.} 35. Ke2 Qh1 36. Bf2 Qe4+ 37. Kd2 Qxf4+ 38. Ke2 Qe4+ 39. Kd2 Rd8 40. Nf6+ Bxf6 $1 41. gxf6 e5 42. d5 Rxc4 43. dxc6 Rxd3+ {Accuracy: White = 24%, Black = 83%.} 0-1